| 000 | 00411nam a22001337a 4500 | ||
|---|---|---|---|
| 020 | _a9789694026053 | ||
| 082 |
_a320.95491 _bPAR |
||
| 100 | _aParacha, Nadeem Farooq | ||
| 245 |
_aThe Pakistan Anti-Hero: _bhistory of Pakistan Nationalism through the lives of Iconoclasts / _cNadeem Farooq Paracha |
||
| 260 |
_aLahore: _bVanguards Books, _c2017. |
||
| 300 | _a396 p. | ||
| 563 | _aHB. | ||
| 942 |
_2ddc _cBK |
||
| 999 |
_c614087 _d614087 |
||